Personnalités franc-comtoises - Statistiques

Statistiques générales
  • Ce quiz a été pris 4 fois
  • Le résultat moyen est 15 sur 50
Statistiques - réponses
Indice Dates Personnalité % Correct
Frères bisontins ayant inventé le cinéma 1862 - 19541864 - 1948 Auguste et Louis Lumière
100%
Peintre de l'Origine du monde et de l'Enterrement à Ornans 1819 - 1877 Gustave Courbet
100%
Scientifique ayant découvert le vaccin contre la rage 1822 - 1895 Louis Pasteur
100%
Acteur belfortain césarisé en 2010 pour Un Prophète, nommé de nouveau en 2025 pour Monsieur Aznavour 1981 - Tahar Rahim
100%
Auteur des Misérables et de Notre-Dame de Paris 1802 - 1885 Victor Hugo
100%
Ingénieur qui transforme l'entreprise familiale en une grande marque d'automobile 1849 - 1915 Armand Peugeot
75%
Réalisateur hongrois de La Ligne verte et Les Évadés, né dans un camp de réfugié à Montbéliard 1959 - Frank Darabont
75%
Humoriste licencié par France Inter en 2024 suite à une caricature de Benjamin Netanyahou 1981 - Guillaume Meurice
75%
Footballeur ayant commencé sa carrière à Sochaux, qui remporte la ligue des champions avec Barcelone en 2015 1983 - Jérémy Mathieu
75%
Fondateur de la marque de maroquinerie de luxe éponyme 1821 - 1892 Louis Vuitton
75%
Chanteur pour enfant, à l'origine des albums Enfantillages 1973 - Aldebert
50%
Industriel et résistant, le stade du FC Sochaux-Montbéliard porte son nom 1898 - 1945 Auguste Bonal
50%
Chanteur dolois, connu notamment pour La Fille du coupeur de joints 1948 - Hubert-Félix Thiéfaine
50%
Homme politique belfortain, quatre fois ministre, député sur quatre décénnies différentes 1939 - Jean-Pierre Chevènement
50%
Dirigeant de la fédération française de football, à l'origine de la coupe du monde 1873 - 1956 Jules Rimet
50%
Footballeur, membre de la génération dorée du FC Sochaux-Montbéliard qui remporte la coupe de la ligue en 2004 1980 - Pierre-Alain Frau
50%
Pilote automobile, détenant le record absolu de victoires au Rallye Dakar 1965 - Stéphane Peterhansel
50%
Cycliste ayant remporté six étapes de grands tours 1990 - Thibaut Pinot
50%
Autre membre de cette génération, qui lui deviendra un grand joueur de l'AJ Auxerre 1980 - Benoît Pedretti
25%
Pape instigateur du concordat de Worms, qui met fin à la querelle des investitures 1060 - 1124 Calixte II
25%
Anatomiste de Montbéliard, promoteur de l'anatomie comparée, membre de l'académie des sciences 1769 - 1832 Georges Cuvier
25%
Chanteur ayant remporté The Voice en 2015 1991 - Lilian Renaud
25%
Réalisatrice qui remporte le césar du meilleur premier film pour Vingt Dieux en 2025 1994 - Louise Courvoisier
25%
Auteur de La Guerre des boutons, mort au combat 1882 - 1915 Louis Pergaud
25%
Explorateur à la tête des expéditions polaires françaises 1907 - 1995 Paul-Émile Victor
25%
Philosophe et théoricien révolutionnaire de l'anarchisme 1809 - 1865 Pierre-Joseph Proudhon
25%
Sculpteur romantique et gendre de George Sand 1814 - 1883 Auguste Clésinger
0%
Impératrice du Saint-Empire 1143 - 1284 Béatrice Ire de Bourgogne
0%
Un simple huissier de justice passé à la postérité pour la comptine qui porte son nom 1743 - 1807 Cadet Rousselle
0%
Philosophe à l'origine du concept de phalanstère 1772 - 1837 Charles Fourier
0%
Auteur très prolifique, parmi les fondateurs du romantisme 1780 - 1844 Charles Nodier
0%
Général de la Révolution, condamné à mort pour sa participation à l'attentat sur Napoléon 1761 - 1804 Charles Pichegru
0%
Auteur de bandes dessinées, à l'origine du Sapeur Camember 1856 - 1945 Christophe
0%
Inventeur du bateau à vapeur, qui fait ses premiers essais sur le Doubs et la Saône 1751 - 1832 Claude de Jouffroy d’Abbans
0%
Compositeur de musiques religieuses, assassiné pour son protestantisme 1505/1520 - 1572 Claude Goudimel
0%
Auteur du dictionnaire latin-français éponyme 1870 - 1937 Félix Gaffiot
0%
Ancien lutteur de lutte gréco-romaine, médaille d'argent à Atlanta en 1996 1968 - Ghani Yalouz
0%
Chef militaire défenseur de Vesoul et de Gray face à Louis XI 1415 - 1479 Guillaume de Vaudrey
0%
Inventeur de la soie artificielle 1839 - 1924 Hilaire de Chardonnet
0%
Dernier Grand maître de l'ordre du Temple, mort sur le bûcher 1245 - 1314 Jacques de Molay
0%
Amiral de France pendant la guerre de 100 ans 1325 - 1396 Jean de Vienne
0%
Historien à qui l'on doit le récit de la guerre de Dix ans 1580 - 1651 Jean Girardot de Nozeroy
0%
Peintre orientaliste de l'Académie 1824 - 1904 Jean-Léon Gérôme
0%
Écrivaine féministe et révoutionnaire 1809 - 1875 Jenny d'Héricourt
0%
Président de la République entre 1879 et 1887 1807 - 1891 Jules Grévy
0%
Résistant comtois pendant les guerres franco-comtoises du XVIIème siècle 1607 - 1681 Lacuzon
0%
Militaire comtois héros du siège de Dole de 1636 1577 - 1654 Louis de La Verne
0%
Agricultrice et actrice récompensée par un César pour Vingt Dieux en 2025 2002 - Maïwène Barthélémy
0%
Chancellier et garde des sceaux sous Charles Quint 1486 - 1550 Nicolas Perrenot de Granvelle
0%
Premier comte de Bourgogne 960/962-1026 Otte-Guillaume
0%
Aucun quiz correspondant
Distribution des résultats
% des personnes avec chaque résultat
Percentile par nombre de réponses
Votre historique - résultats
Vous n’avez pas pris ce quiz